| 000 | 01482nam a22002777a 4500 | ||
|---|---|---|---|
| 005 | 20081031123649.0 | ||
| 008 | 081031t xxu||||| |||| 00| 0 hin d | ||
| 010 | _aHIN-84584 | ||
| 020 |
_a8186098070 _c240.00 |
||
| 035 | _aHN-56930 | ||
| 037 | _bDBAD / PUB | ||
| 040 |
_aDPL _bHN |
||
| 082 | _a616.1206 | ||
| 100 | _aजैन, विष्णु | ||
| 245 |
_aहृदय एवं सामान्य रोगों की चिकित्सा / _cविष्णु जैन |
||
| 246 |
_aHradya evam samanya rogon ki Chikitsa _bby Vishnu Jain |
||
| 250 | _a2रा संस्क | ||
| 260 |
_aजयपुर _bपापुलर बुक डिपो _c2005 |
||
| 270 |
_aजी-15, एस.एस.टॉवर्स, धामाणी गली, चौड़ा रास्ता _bजयपुर _e302003 _k0141 2325965 |
||
| 300 |
_a230पृ _bसचित्र _c22सेमी (सजिल्द) |
||
| 500 | _a(निदान एवं उपचार से जुड़ी समस्याओं की सही जानकारी के लिए एकमात्र पुस्तक) / | ||
| 650 |
_aह्रदय _xरोग |
||
| 650 |
_aHeart _xdiseases |
||
| 942 |
_2ddc _cHN _mजैनवि _h616.1206 |
||
| 999 |
_c17361 _d17361 |
||